| 000 | 00461nam a2200157 i 4500 | ||
|---|---|---|---|
| 001 | 101443 | ||
| 003 | ES-MaACL | ||
| 005 | 20230906182918.0 | ||
| 007 | t| | ||
| 008 | 051018s1973 sp ||||1| spa d | ||
| 100 | 1 |
_aMazzola, Sandro. _979503 |
|
| 245 | 1 | 0 |
_aSandro Mazzola le enseña el fútbol / _cSandro Mazzola, David Messina. |
| 260 |
_aBarcelona : _bDe Vecchi, _c1973. |
||
| 300 |
_a183 p. con 6 lám. ; _c21 cm. |
||
| 852 |
_aES-MaACL _jC-55643 _bR.88313 |
||
| 999 |
_c101443 _d101443 |
||